000 01090cam a22002291a 4500
050 0 0 _aPZ 7
_b.A33
100 1 _aAlcott, Louisa May,
_d1832-1888.
245 1 0 _aUnder the lilacs /
_cby Louisa M. Alcott ...
260 _aBoston :
_bRoberts Brothers,
_c1878
_e(Cambridge :
_fPress of John Wilson & Son)
300 _a[8], 305, [7] p., [4] leaves of plates :
500 _aFirst American edition; cf. Blanck, cited below. London edition issued in parts from 1877-1878.
500 _aPublisher's illustrated advertisements: [6] pages following text.
500 _aHalf-title.
500 _aOne illustration signed H. Wolf.
500 _aFrontispiece has guardsheet.
500 _aIncludes dedication; table of contents.
500 _aOn the title-page, in the author's list of books, Little men is not followed by a closing quotation mark (i.e. "Little men). Blanck notes this form as well as that printed as "Little men,' with a closing single quotation mark.
650 0 _vJuvenile literature.
650 0 _vJuvenile literature.
650 0 _vJuvenile literature.
942 _2lcc
_cGEN
999 _c7787
_d7787